000 00688nam a2200253Ia 4500
003 GCL
008 140319s9999 xx 000 0 eng d
020 _a0714109509
040 _aGCL /
_cGCL
082 0 4 _aCC
_b932
_bS E
100 1 _aSPENCER, A.J
245 1 0 _aEXCAVATIONS AT EL-A SHUMUEIN :
_bTHE TEMPLE AREA /
_cSPENCER, A.J
260 _aانجلترا :
_bBRITISH MUSUM PUBLICATIONS ،
_c1987
300 _a32 CM ؛
_c112 P
650 0 4 _aنجد
650 0 4 _aحوادث المرور
650 0 4 _aEGYPT
650 0 4 _aARCHITECTURE
650 0 4 _aEXCAVACTIONS
650 0 4 _aART, ISLAMIC
650 0 4 _aEGYPT - HISTORY
650 0 4 _aEGYPT - ANTIQUITIES
942 _2ddc
_cBK
999 _c18192
_d18192